Die Vernichtung der europäischen Juden Band 3

Bibliographic Details
Main Author: Hilberg, Raul, 1926-2007 (Author)
Other Authors: Seeger, Christian (Translator), Maor, Harry (Translator), Bengs, Walle (Translator), Szepan, Wilfried (Translator)
Format: Book
Language:German
English
PhysicalDescription:1061-1350 [=289] s. tab. 19 cm
Published: Frankfurt am Main Fischer Taschenbuch Verlag 1990
ISBN:3596106133
359624417X
Edition:Durchges. und erw. Ausg.
Subjects:

MARC

LEADER 00000nam a2200000 a 4500
001 vtls001282196
003 SK-MaSNL
005 20260301064749.0
008 251031s1990 gw a n 00100 ger
015 |a SNBZSA2012-00639 
020 |a 3596106133  |q (Einzelband) 
020 |a 359624417X  |q (Kassette) 
035 |a SNK000233634 
040 |a SNK  |b slo  |c SNK  |e AACR2 
041 1 |a ger  |h eng 
043 |a e------ 
044 |a gw  |c DE 
072 7 |a 94(4)  |x Dejiny Európy  |2 konspekt 
080 |a 94(100)"1939/1945"  |2 2001 
080 |a 323.28(=411.16)(4)  |2 2001 
080 |a (4)  |2 2008 
080 |a (048.8)  |2 2008 
080 |a 323.12(=411.16)  |x "1933/1945"  |2 2001 
100 1 |a Hilberg, Raul,  |d 1926-2007  |4 aut  |9 382522 
240 1 4 |a The destruction of European Jews  |l Nemecky 
245 1 4 |a Die Vernichtung der europäischen Juden  |n Band 3  |c Raul Hilberg ; aus dem Amerikanischen von Christian Seeger ... [et al.] 
250 |a Durchges. und erw. Ausg. 
260 |a Frankfurt am Main  |b Fischer Taschenbuch Verlag  |c 1990 
300 |a 1061-1350 [=289] s.  |b tab.  |c 19 cm 
504 |a Bibliogr. odkazy. Reg. 
648 7 |a 1933-19452SNK  |2 SNK  |9 382523 
650 0 7 |a Židia  |2 SNKPH  |9 3760 
650 0 7 |a holokaust (1939-1945)  |2 SNKPH  |9 160313 
651 7 |a Európa  |2 snkph  |9 167569 
655 7 |a monografie  |2 SNKPH  |9 70139 
700 1 |a Seeger, Christian  |4 trl  |9 382524 
700 1 |a Maor, Harry  |4 trl  |9 382525 
700 1 |a Bengs, Walle  |4 trl  |9 382526 
700 1 |a Szepan, Wilfried  |4 trl  |9 382527 
919 |a 3-596-10613-3 
919 |a 3-596-24417-X 
958 |a ZS 
958 |a ZD 
958 |a OP 
958 |a OND 
999 |c 628131  |d 630061 
952 |t snkHIL/3 323.12(=924)  |a SNK  |b SNK  |y PREZ  |7 0  |p 17A0878870  |o snkSD 80842/3  |i snk2012/5585  |8 5  |0 0  |1 0  |4 0  |d 1997-04-04  |l 0  |r 2025-12-01 00:00:00  |w 2026-02-23